[Event "DEM U16w 2025"]
[Site "Willingen GER"]
[Date "2025.06.10"]
[Round "4"]
[White "Neininger, Sarah"]
[Black "Bezsonna, Polina"]
[Result "1-0"]
[Termination "normal"]
[Board "1"]
[WhiteElo "1857"]
[BlackElo "1972"]
[WhiteClock "00:07:33"]
[BlackClock "00:01:58"]
[PlyCount "81"]
[WhiteFideId "16287410"]
[BlackFideId "14191156"]
[EventCountry "GER"]
[EventRounds "9"]
[EventType "swiss"]
[EventDate "2025.06.07"]

1. e4 {[%clk 01:30:56]} {[%emt 00:00:03]} d5 {[%clk 01:30:53]} {[%emt
00:00:09]} 2. exd5 {[%clk 01:31:18]} {[%emt 00:00:07]} Qxd5 {[%clk 01:31:18]}
{[%emt 00:00:06]} 3. Nc3 {[%clk 01:31:37]} {[%emt 00:00:10]} Qa5 {[%clk
01:31:42]} {[%emt 00:00:07]} 4. Bc4 {[%clk 01:31:50]} {[%emt 00:00:16]} Nf6
{[%clk 01:31:59]} {[%emt 00:00:14]} 5. d3 {[%clk 01:31:55]} {[%emt 00:00:24]}
Bf5 {[%clk 01:29:50]} {[%emt 00:02:40]} 6. Bd2 {[%clk 01:27:31]} {[%emt
00:04:54]} c6 {[%clk 01:29:38]} {[%emt 00:00:42]} 7. Nge2 {[%clk 01:22:06]}
{[%emt 00:05:54]} Nbd7 {[%clk 01:27:44]} {[%emt 00:02:26]} 8. Nd5 {[%clk
01:11:54]} {[%emt 00:10:38]} Qd8 {[%clk 01:27:59]} {[%emt 00:00:18]} 9. Ne3
{[%clk 01:10:08]} {[%emt 00:02:12]} Bg6 {[%clk 01:27:15]} {[%emt 00:01:18]} 10.
Nf4 {[%clk 01:08:18]} {[%emt 00:02:18]} b5 {[%clk 01:19:54]} {[%emt 00:07:53]}
11. Bb3 {[%clk 01:05:15]} {[%emt 00:03:32]} e5 {[%clk 01:18:11]} {[%emt
00:02:14]} 12. Nxg6 {[%clk 01:03:13]} {[%emt 00:02:31]} hxg6 {[%clk 01:16:57]}
{[%emt 00:01:44]} 13. Qf3 {[%clk 01:01:23]} {[%emt 00:02:17]} Qc7 {[%clk
01:10:29]} {[%emt 00:07:01]} 14. a4 {[%clk 00:53:53]} {[%emt 00:08:00]} b4
{[%clk 01:09:06]} {[%emt 00:01:54]} 15. Nc4 {[%clk 00:50:50]} {[%emt 00:03:28]}
a5 {[%clk 01:02:40]} {[%emt 00:07:00]} 16. O-O-O {[%clk 00:44:37]} {[%emt
00:06:43]} O-O-O {[%clk 01:00:38]} {[%emt 00:02:32]} 17. Rde1 {[%clk 00:40:18]}
{[%emt 00:04:48]} Bc5 {[%clk 00:50:22]} {[%emt 00:10:48]} 18. Be3 {[%clk
00:35:35]} {[%emt 00:05:11]} Rde8 {[%clk 00:44:41]} {[%emt 00:06:13]} 19. Qg3
{[%clk 00:30:22]} {[%emt 00:05:39]} Bxe3+ {[%clk 00:35:42]} {[%emt 00:09:32]}
20. Rxe3 {[%clk 00:26:54]} {[%emt 00:03:57]} Nd5 {[%clk 00:34:44]} {[%emt
00:01:29]} 21. Re2 {[%clk 00:26:58]} {[%emt 00:00:23]} Nf4 {[%clk 00:34:05]}
{[%emt 00:01:13]} 22. Re3 {[%clk 00:26:26]} {[%emt 00:01:00]} f6 {[%clk
00:31:52]} {[%emt 00:02:44]} 23. Rhe1 {[%clk 00:23:53]} {[%emt 00:03:01]} Rd8
{[%clk 00:24:00]} {[%emt 00:08:24]} 24. d4 {[%clk 00:21:28]} {[%emt 00:02:55]}
exd4 {[%clk 00:12:00]} {[%emt 00:12:29]} 25. Re7 {[%clk 00:20:28]} {[%emt
00:01:29]} g5 {[%clk 00:07:55]} {[%emt 00:04:37]} 26. Rxg7 {[%clk 00:13:19]}
{[%emt 00:07:39]} Rde8 {[%clk 00:06:52]} {[%emt 00:01:35]} 27. Rge7 {[%clk
00:13:02]} {[%emt 00:00:43]} Rxe7 {[%clk 00:06:14]} {[%emt 00:01:11]} 28. Rxe7
{[%clk 00:13:26]} {[%emt 00:00:06]} Kd8 {[%clk 00:05:58]} {[%emt 00:00:45]} 29.
Re4 {[%clk 00:11:42]} {[%emt 00:02:05]} Rxh2 {[%clk 00:05:41]} {[%emt
00:00:56]} 30. Qf3 {[%clk 00:09:21]} {[%emt 00:02:44]} c5 {[%clk 00:04:17]}
{[%emt 00:02:01]} 31. g3 {[%clk 00:08:54]} {[%emt 00:00:57]} Ng6 {[%clk
00:01:42]} {[%emt 00:03:06]} 32. Qf5 {[%clk 00:08:54]} {[%emt 00:00:25]} Rh1+
{[%clk 00:00:58]} {[%emt 00:01:18]} 33. Kd2 {[%clk 00:09:15]} {[%emt 00:00:09]}
Ngf8 {[%clk 00:01:10]} {[%emt 00:00:19]} 34. Qd5 {[%clk 00:09:03]} {[%emt
00:00:34]} Rh2 {[%clk 00:01:08]} {[%emt 00:00:39]} 35. Qa8+ {[%clk 00:06:32]}
{[%emt 00:03:02]} Qb8 {[%clk 00:00:41]} {[%emt 00:00:57]} 36. Qxa5+ {[%clk
00:06:33]} {[%emt 00:00:29]} Qc7 {[%clk 00:00:58]} {[%emt 00:00:13]} 37. Re8+
{[%clk 00:06:28]} {[%emt 00:00:32]} Kxe8 {[%clk 00:01:27]} {[%emt 00:00:03]}
38. Qxc7 {[%clk 00:06:51]} {[%emt 00:00:08]} Rxf2+ {[%clk 00:01:43]} {[%emt
00:00:13]} 39. Ke1 {[%clk 00:07:01]} {[%emt 00:00:13]} Rg2 {[%clk 00:01:34]}
{[%emt 00:00:47]} 40. Nd6+ {[%clk 00:07:12]} {[%emt 00:00:18]} Ke7 {[%clk
00:01:58]} {[%emt 00:00:07]} 41. Nf5+ {[%clk 00:07:33]} {[%emt 00:00:07]} 1-0

[Event "DEM U16w 2025"]
[Site "Willingen GER"]
[Date "2025.06.10"]
[Round "4"]
[White "Halas, Neele Zoe"]
[Black "Lorenz, Veronika"]
[Result "1/2-1/2"]
[Termination "normal"]
[Board "2"]
[WhiteElo "1804"]
[BlackElo "1952"]
[WhiteClock "00:01:56"]
[BlackClock "00:00:42"]
[PlyCount "74"]
[WhiteFideId "16287282"]
[BlackFideId "16277406"]
[EventCountry "GER"]
[EventRounds "9"]
[EventType "swiss"]
[EventDate "2025.06.07"]

1. e4 {[%clk 01:30:42]} {[%emt 00:00:17]} e5 {[%clk 01:30:59]} {[%emt
00:00:01]} 2. Nf3 {[%clk 01:31:04]} {[%emt 00:00:08]} Nc6 {[%clk 01:31:28]}
{[%emt 00:00:02]} 3. Bc4 {[%clk 01:31:26]} {[%emt 00:00:07]} Bc5 {[%clk
01:31:56]} {[%emt 00:00:04]} 4. c3 {[%clk 01:31:49]} {[%emt 00:00:06]} Nf6
{[%clk 01:32:24]} {[%emt 00:00:01]} 5. d3 {[%clk 01:32:11]} {[%emt 00:00:08]}
d6 {[%clk 01:32:49]} {[%emt 00:00:04]} 6. O-O {[%clk 01:32:27]} {[%emt
00:00:14]} Bb6 {[%clk 01:33:11]} {[%emt 00:00:08]} 7. Nbd2 {[%clk 01:32:18]}
{[%emt 00:00:38]} O-O {[%clk 01:33:29]} {[%emt 00:00:13]} 8. h3 {[%clk
01:32:19]} {[%emt 00:00:29]} Ne7 {[%clk 01:33:53]} {[%emt 00:00:07]} 9. Re1
{[%clk 01:31:16]} {[%emt 00:01:32]} Ng6 {[%clk 01:34:18]} {[%emt 00:00:05]} 10.
Nf1 {[%clk 01:29:59]} {[%emt 00:01:47]} c6 {[%clk 01:34:43]} {[%emt 00:00:06]}
11. Bb3 {[%clk 01:24:00]} {[%emt 00:06:29]} d5 {[%clk 01:34:39]} {[%emt
00:00:34]} 12. Ng3 {[%clk 01:14:17]} {[%emt 00:10:12]} Qd6 {[%clk 01:28:51]}
{[%emt 00:06:17]} 13. Bg5 {[%clk 01:03:05]} {[%emt 00:11:44]} h6 {[%clk
01:19:52]} {[%emt 00:09:28]} 14. Bxf6 {[%clk 01:01:30]} {[%emt 00:02:05]} gxf6
{[%clk 01:15:58]} {[%emt 00:04:23]} 15. Nh2 {[%clk 00:54:26]} {[%emt 00:07:35]}
Kh7 {[%clk 01:10:23]} {[%emt 00:06:04]} 16. Qf3 {[%clk 00:46:09]} {[%emt
00:08:48]} Nf4 {[%clk 01:05:38]} {[%emt 00:05:14]} 17. Rad1 {[%clk 00:36:56]}
{[%emt 00:09:44]} d4 {[%clk 00:42:17]} {[%emt 00:23:51]} 18. c4 {[%clk
00:30:36]} {[%emt 00:06:51]} c5 {[%clk 00:31:25]} {[%emt 00:11:21]} 19. Nh5
{[%clk 00:28:18]} {[%emt 00:02:47]} Nxh5 {[%clk 00:31:19]} {[%emt 00:00:37]}
20. Qxh5 {[%clk 00:28:47]} {[%emt 00:00:01]} Qe7 {[%clk 00:21:47]} {[%emt
00:10:00]} 21. Ng4 {[%clk 00:23:01]} {[%emt 00:06:18]} Bxg4 {[%clk 00:22:10]}
{[%emt 00:00:06]} 22. Qxg4 {[%clk 00:23:18]} {[%emt 00:00:13]} Rg8 {[%clk
00:21:43]} {[%emt 00:00:56]} 23. Qf5+ {[%clk 00:23:01]} {[%emt 00:00:47]} Rg6
{[%clk 00:21:16]} {[%emt 00:00:57]} 24. Ba4 {[%clk 00:20:15]} {[%emt 00:03:17]}
Kh8 {[%clk 00:15:22]} {[%emt 00:06:24]} 25. Qd7 {[%clk 00:18:49]} {[%emt
00:01:55]} Qf8 {[%clk 00:12:30]} {[%emt 00:03:19]} 26. Kh1 {[%emt 00:05:20]}
Qg7 {[%clk 00:10:58]} {[%emt 00:00:18]} 27. Rg1 {[%clk 00:14:57]} {[%emt
00:01:20]} Rg8 {[%clk 00:11:01]} {[%emt 00:00:26]} 28. g3 {[%clk 00:13:54]}
{[%emt 00:01:33]} Rb8 {[%clk 00:02:18]} {[%emt 00:09:06]} 29. Qf5 {[%clk
00:08:27]} {[%emt 00:06:05]} Rd8 {[%clk 00:02:26]} {[%emt 00:00:22]} 30. h4
{[%clk 00:07:15]} {[%emt 00:01:42]} Qf8 {[%clk 00:00:56]} {[%emt 00:01:53]} 31.
Rdf1 {[%clk 00:06:11]} {[%emt 00:01:41]} Bc7 {[%clk 00:00:54]} {[%emt
00:00:32]} 32. Bd1 {[%clk 00:05:44]} {[%emt 00:00:57]} Qe7 {[%clk 00:00:47]}
{[%emt 00:00:37]} 33. Bh5 {[%clk 00:04:42]} {[%emt 00:01:32]} Rg7 {[%clk
00:01:13]} {[%emt 00:00:03]} 34. Kh2 {[%clk 00:02:54]} {[%emt 00:02:19]} Rdg8
{[%clk 00:00:37]} {[%emt 00:01:06]} 35. Rb1 {[%clk 00:01:57]} {[%emt 00:01:27]}
a5 {[%clk 00:00:47]} {[%emt 00:00:21]} 36. b3 {[%clk 00:01:55]} {[%emt
00:00:33]} Qe6 {[%clk 00:00:53]} {[%emt 00:00:20]} 37. Bf3 {[%clk 00:01:56]}
{[%emt 00:00:33]} Qe7 {[%clk 00:00:42]} {[%emt 00:00:38]} 1/2-1/2

[Event "DEM U16w 2025"]
[Site "Willingen GER"]
[Date "2025.06.10"]
[Round "4"]
[White "Bauer, Laura Sophie"]
[Black "Kopylov, Diana"]
[Result "1-0"]
[Termination "normal"]
[Board "3"]
[WhiteElo "1979"]
[BlackElo "1890"]
[WhiteClock "01:06:51"]
[BlackClock "00:25:41"]
[PlyCount "37"]
[WhiteFideId "16253647"]
[BlackFideId "16268865"]
[EventCountry "GER"]
[EventRounds "9"]
[EventType "swiss"]
[EventDate "2025.06.07"]

1. e4 {[%clk 01:30:59]} c5 {[%clk 01:30:55]} {[%emt 00:00:06]} 2. Nf3 {[%clk
01:31:24]} {[%emt 00:00:05]} d6 {[%clk 01:31:21]} {[%emt 00:00:03]} 3. d4
{[%clk 01:31:51]} {[%emt 00:00:04]} cxd4 {[%clk 01:31:47]} {[%emt 00:00:05]} 4.
Nxd4 {[%clk 01:32:16]} {[%emt 00:00:05]} Nf6 {[%clk 01:32:11]} {[%emt
00:00:04]} 5. Nc3 {[%clk 01:32:41]} {[%emt 00:00:05]} Nc6 {[%clk 01:32:35]}
{[%emt 00:00:06]} 6. Bg5 {[%clk 01:30:39]} {[%emt 00:02:32]} g6 {[%clk
01:29:27]} {[%emt 00:03:38]} 7. Bxf6 {[%clk 01:28:32]} {[%emt 00:02:38]} exf6
{[%clk 01:29:23]} {[%emt 00:00:34]} 8. Qd2 {[%clk 01:28:10]} {[%emt 00:00:51]}
a6 {[%clk 01:27:55]} {[%emt 00:01:59]} 9. O-O-O {[%clk 01:26:58]} {[%emt
00:01:41]} Bd7 {[%clk 01:16:05]} {[%emt 00:12:21]} 10. Kb1 {[%clk 01:21:45]}
{[%emt 00:05:42]} b5 {[%clk 01:04:46]} {[%emt 00:11:49]} 11. f4 {[%clk
01:19:23]} {[%emt 00:02:52]} Rc8 {[%clk 01:00:21]} {[%emt 00:04:56]} 12. Nf3
{[%clk 01:15:42]} {[%emt 00:04:11]} Na5 {[%clk 00:52:34]} {[%emt 00:08:16]} 13.
Be2 {[%clk 01:10:49]} {[%emt 00:05:24]} Be6 {[%clk 00:47:19]} {[%emt 00:05:45]}
14. Rhe1 {[%clk 01:09:41]} {[%emt 00:01:38]} Nc4 {[%clk 00:43:53]} {[%emt
00:03:56]} 15. Bxc4 {[%clk 01:09:14]} {[%emt 00:00:56]} Rxc4 {[%clk 00:39:12]}
{[%emt 00:05:12]} 16. f5 {[%clk 01:08:14]} {[%emt 00:01:30]} Bd7 {[%clk
00:36:56]} {[%emt 00:02:46]} 17. e5 {[%clk 01:08:29]} {[%emt 00:00:15]} Bxf5
{[%clk 00:27:09]} {[%emt 00:10:16]} 18. exd6+ {[%clk 01:06:29]} {[%emt
00:02:30]} Be6 {[%clk 00:25:41]} {[%emt 00:01:59]} 19. d7+ {[%clk 01:06:51]}
{[%emt 00:00:08]} 1-0

[Event "DEM U16w 2025"]
[Site "Willingen GER"]
[Date "2025.06.10"]
[Round "4"]
[White "Vogt, Luna"]
[Black "Dedic, Sajra"]
[Result "1-0"]
[Termination "normal"]
[Board "4"]
[WhiteElo "1773"]
[BlackElo "1657"]
[WhiteClock "00:15:35"]
[BlackClock "00:00:35"]
[PlyCount "63"]
[WhiteFideId "34607153"]
[BlackFideId "14422794"]
[EventCountry "GER"]
[EventRounds "9"]
[EventType "swiss"]
[EventDate "2025.06.07"]

1. e4 {[%clk 01:30:57]} {[%emt 00:00:02]} c5 {[%clk 01:30:47]} {[%emt
00:00:13]} 2. Nf3 {[%clk 01:31:21]} {[%emt 00:00:06]} a6 {[%clk 01:31:11]}
{[%emt 00:00:06]} 3. c3 {[%clk 01:31:44]} {[%emt 00:00:08]} d5 {[%clk
01:31:36]} {[%emt 00:00:05]} 4. e5 {[%clk 01:31:36]} {[%emt 00:00:38]} Nc6
{[%clk 01:24:37]} {[%emt 00:07:29]} 5. d4 {[%clk 01:31:18]} {[%emt 00:00:48]}
e6 {[%clk 01:25:01]} {[%emt 00:00:06]} 6. Be2 {[%clk 01:20:15]} {[%emt
00:11:33]} Qb6 {[%clk 01:24:47]} {[%emt 00:00:44]} 7. O-O {[%clk 01:20:17]}
{[%emt 00:00:27]} Bd7 {[%clk 01:20:37]} {[%emt 00:04:41]} 8. Na3 {[%clk
01:13:11]} {[%emt 00:07:36]} cxd4 {[%clk 01:15:08]} {[%emt 00:05:59]} 9. cxd4
{[%clk 01:12:50]} {[%emt 00:00:51]} Nge7 {[%clk 01:08:38]} {[%emt 00:06:59]}
10. Nc2 {[%clk 01:11:54]} {[%emt 00:01:27]} Nf5 {[%clk 01:08:28]} {[%emt
00:00:39]} 11. Qd2 {[%clk 01:07:09]} {[%emt 00:05:16]} Be7 {[%clk 01:07:09]}
{[%emt 00:01:48]} 12. Rd1 {[%clk 01:06:45]} {[%emt 00:00:54]} O-O {[%clk
01:03:58]} {[%emt 00:03:42]} 13. Ne3 {[%clk 01:03:17]} {[%emt 00:03:57]} Nh6
{[%clk 00:59:16]} {[%emt 00:05:12]} 14. Qc2 {[%clk 00:58:21]} {[%emt 00:05:27]}
Rac8 {[%clk 00:37:39]} {[%emt 00:22:07]} 15. Qb1 {[%clk 00:58:30]} {[%emt
00:00:20]} Nf5 {[%clk 00:25:17]} {[%emt 00:12:53]} 16. Nxf5 {[%clk 00:48:41]}
{[%emt 00:10:18]} exf5 {[%clk 00:25:42]} {[%emt 00:00:06]} 17. Bf4 {[%clk
00:47:28]} {[%emt 00:01:43]} Nb4 {[%clk 00:23:43]} {[%emt 00:02:28]} 18. Rd2
{[%clk 00:41:11]} {[%emt 00:06:48]} Bb5 {[%clk 00:21:38]} {[%emt 00:02:35]} 19.
Qxf5 {[%clk 00:38:09]} {[%emt 00:03:31]} Bxe2 {[%clk 00:15:54]} {[%emt
00:06:15]} 20. Rxe2 {[%clk 00:37:07]} {[%emt 00:01:32]} Rc4 {[%clk 00:14:50]}
{[%emt 00:01:33]} 21. a3 {[%clk 00:35:31]} {[%emt 00:02:06]} Nc6 {[%clk
00:14:39]} {[%emt 00:00:41]} 22. Be3 {[%clk 00:34:33]} {[%emt 00:01:28]} Na5
{[%clk 00:09:48]} {[%emt 00:05:21]} 23. b4 {[%clk 00:29:21]} {[%emt 00:05:43]}
Nc6 {[%clk 00:08:51]} {[%emt 00:01:28]} 24. h3 {[%clk 00:26:04]} {[%emt
00:03:46]} a5 {[%clk 00:08:32]} {[%emt 00:00:49]} 25. bxa5 {[%clk 00:22:52]}
{[%emt 00:03:42]} Qxa5 {[%clk 00:07:50]} {[%emt 00:01:12]} 26. Rb2 {[%clk
00:21:59]} {[%emt 00:01:22]} b5 {[%clk 00:06:53]} {[%emt 00:01:27]} 27. Rab1
{[%clk 00:18:04]} {[%emt 00:04:25]} Rb8 {[%clk 00:05:43]} {[%emt 00:01:41]} 28.
e6 {[%clk 00:17:03]} {[%emt 00:01:31]} f6 {[%clk 00:01:57]} {[%emt 00:04:16]}
29. Qxd5 {[%clk 00:17:07]} {[%emt 00:00:25]} Bxa3 {[%clk 00:01:11]} {[%emt
00:01:16]} 30. Rxb5 {[%clk 00:15:44]} {[%emt 00:01:54]} Rxb5 {[%clk 00:01:23]}
{[%emt 00:00:17]} 31. Rxb5 {[%clk 00:15:48]} {[%emt 00:00:26]} Qa4 {[%clk
00:00:35]} {[%emt 00:01:18]} 32. e7+ {[%clk 00:15:35]} {[%emt 00:00:43]} 1-0

[Event "DEM U16w 2025"]
[Site "Willingen GER"]
[Date "2025.06.10"]
[Round "4"]
[White "Mamani Orozco, Camila Guianella"]
[Black "Oellrich, Emma"]
[Result "1-0"]
[Termination "normal"]
[Board "5"]
[WhiteElo "1689"]
[BlackElo "1824"]
[WhiteClock "00:03:31"]
[BlackClock "00:00:52"]
[PlyCount "88"]
[WhiteFideId "3877663"]
[BlackFideId "16268806"]
[EventCountry "GER"]
[EventRounds "9"]
[EventType "swiss"]
[EventDate "2025.06.07"]

1. d4 {[%clk 01:30:58]} {[%emt 00:00:01]} e6 {[%clk 01:30:47]} {[%emt
00:00:12]} 2. c4 {[%clk 01:31:17]} {[%emt 00:00:11]} b6 {[%clk 01:31:06]}
{[%emt 00:00:12]} 3. e4 {[%clk 01:26:35]} {[%emt 00:05:12]} Bb7 {[%clk
01:31:30]} {[%emt 00:00:06]} 4. d5 {[%clk 01:17:40]} {[%emt 00:09:24]} g6
{[%clk 01:10:38]} {[%emt 00:21:21]} 5. g3 {[%clk 01:12:38]} {[%emt 00:05:33]}
Bg7 {[%clk 01:09:32]} {[%emt 00:01:37]} 6. Bg2 {[%clk 01:12:25]} {[%emt
00:00:42]} Na6 {[%clk 01:09:10]} {[%emt 00:00:52]} 7. Ne2 {[%clk 01:09:46]}
{[%emt 00:03:06]} Nc5 {[%clk 01:08:20]} {[%emt 00:01:23]} 8. O-O {[%clk
01:04:34]} {[%emt 00:05:41]} Qe7 {[%clk 01:07:25]} {[%emt 00:01:26]} 9. Nbc3
{[%emt 00:03:42]} d6 {[%clk 00:54:35]} {[%emt 00:13:18]} 10. b4 {[%clk
00:58:04]} {[%emt 00:03:50]} Nd7 {[%clk 00:52:05]} {[%emt 00:03:00]} 11. Rb1
{[%clk 00:46:03]} {[%emt 00:12:31]} a6 {[%clk 00:45:17]} {[%emt 00:07:18]} 12.
Be3 {[%clk 00:40:51]} {[%emt 00:05:39]} e5 {[%clk 00:43:52]} {[%emt 00:01:59]}
13. Bh3 {[%clk 00:30:24]} {[%emt 00:10:55]} Ngf6 {[%clk 00:39:23]} {[%emt
00:05:01]} 14. Qc2 {[%clk 00:24:02]} {[%emt 00:06:48]} O-O {[%clk 00:13:04]}
{[%emt 00:26:52]} 15. Na4 {[%clk 00:21:47]} {[%emt 00:02:44]} Rab8 {[%clk
00:08:53]} {[%emt 00:04:42]} 16. c5 {[%clk 00:15:13]} {[%emt 00:07:04]} bxc5
{[%emt 00:01:13]} 17. bxc5 {[%clk 00:15:23]} {[%emt 00:00:09]} c6 {[%clk
00:05:23]} {[%emt 00:03:29]} 18. cxd6 {[%clk 00:13:58]} {[%emt 00:01:54]} Qxd6
{[%clk 00:05:46]} {[%emt 00:00:08]} 19. Nc5 {[%clk 00:13:37]} {[%emt 00:00:50]}
Ba8 {[%clk 00:05:00]} {[%emt 00:01:16]} 20. Nxd7 {[%emt 00:02:26]} Nxd7 {[%clk
00:05:16]} {[%emt 00:00:13]} 21. dxc6 {[%clk 00:10:25]} {[%emt 00:01:47]} Bxc6
{[%clk 00:04:16]} {[%emt 00:01:30]} 22. Rxb8 {[%clk 00:10:13]} {[%emt
00:00:42]} Rxb8 {[%clk 00:04:32]} {[%emt 00:00:14]} 23. Rd1 {[%clk 00:10:05]}
{[%emt 00:00:36]} Rb2 {[%clk 00:02:39]} {[%emt 00:02:25]} 24. Rxd6 {[%clk
00:09:13]} {[%emt 00:01:22]} Rxc2 {[%clk 00:03:06]} {[%emt 00:00:04]} 25. Bxd7
{[%clk 00:09:03]} {[%emt 00:00:39]} Bxe4 {[%clk 00:01:38]} {[%emt 00:01:59]}
26. Nc1 {[%clk 00:07:27]} {[%emt 00:02:02]} h5 {[%clk 00:00:38]} {[%emt
00:01:34]} 27. Ba4 {[%clk 00:06:47]} {[%emt 00:01:08]} Rc4 {[%clk 00:00:48]}
{[%emt 00:00:21]} 28. Bb3 {[%clk 00:06:42]} {[%emt 00:00:35]} Rc7 {[%clk
00:01:00]} {[%emt 00:00:19]} 29. Bd5 {[%clk 00:06:11]} {[%emt 00:00:58]} Bf5
{[%clk 00:00:39]} {[%emt 00:00:54]} 30. Kg2 {[%clk 00:03:55]} {[%emt 00:02:44]}
Bc8 {[%clk 00:00:48]} {[%emt 00:00:21]} 31. Rc6 {[%emt 00:00:23]} Rxc6 {[%clk
00:00:39]} {[%emt 00:00:38]} 32. Bxc6 {[%clk 00:04:28]} {[%emt 00:00:06]} f5
{[%clk 00:00:56]} {[%emt 00:00:14]} 33. Nd3 {[%clk 00:03:45]} {[%emt 00:01:11]}
Kf7 {[%clk 00:01:15]} {[%emt 00:00:12]} 34. Nc5 {[%clk 00:03:01]} {[%emt
00:01:15]} Ke7 {[%clk 00:00:44]} {[%emt 00:01:00]} 35. Bb7 {[%clk 00:02:42]}
{[%emt 00:00:49]} Bxb7+ {[%clk 00:01:12]} {[%emt 00:00:02]} 36. Nxb7 {[%clk
00:02:59]} {[%emt 00:00:13]} Bf6 {[%clk 00:00:44]} {[%emt 00:00:58]} 37. h4
{[%clk 00:02:49]} {[%emt 00:00:39]} e4 {[%clk 00:00:47]} {[%emt 00:00:28]} 38.
Kf1 {[%clk 00:02:48]} {[%emt 00:00:31]} Bc3 {[%clk 00:00:57]} {[%emt 00:00:18]}
39. Ke2 {[%clk 00:02:43]} {[%emt 00:00:36]} Kd7 {[%clk 00:00:31]} {[%emt
00:00:56]} 40. Nc5+ {[%clk 00:02:50]} {[%emt 00:00:23]} Kc6 {[%clk 00:00:58]}
{[%emt 00:00:04]} 41. Nxa6 {[%clk 00:02:45]} {[%emt 00:00:34]} Kb5 {[%clk
00:00:41]} {[%emt 00:00:48]} 42. Nc7+ {[%clk 00:02:57]} {[%emt 00:00:17]} Kc6
{[%clk 00:00:39]} {[%emt 00:00:32]} 43. Ne6 {[%clk 00:03:13]} {[%emt 00:00:14]}
Bb4 {[%clk 00:00:52]} {[%emt 00:00:17]} 44. Nf4 {[%clk 00:03:31]} {[%emt
00:00:13]} Kd5 {[%emt 00:00:22]} 1-0